000 00809nam a2200253 a 4500
001 68986
003 BD-RjUL
005 20211209081833.0
008 730904s1960 iluab b 000 0 eng
035 _a(BD-RjUL)69197
040 _aDLC
_cDLC
_dDLC
_dBD-RjUL
_beng
041 _aeng
082 0 0 _223
_a915
_bCRC 1960
100 1 _aCressey, George B.
_d1896-1963.
_9204378
245 1 0 _aCrossroads : land and life in southwest Asia /
_cGeorge B. Cresse
260 _aChicago :
_bLippincott,
_c1960
300 _axiv, 593 p. :
_bill. ;
_c26 cm.
490 0 _aThe Lippincott geography series
504 _aIncludes bibliographies.
651 0 _aMiddle East
_xDescription and travel.
_9204379
651 0 _aMiddle East
_xGeography.
_9204380
830 _aThe Lippincott geography series
_9204385
942 _2ddc
_cBK
999 _c68986
_d68986